LEADER 01512nam a2200373 a 4500 001 000000028405 003 CaOOAMICUS 005 20130625114101.0 008 960624s1995 it u000 u ita r 020 $a8879891278 035 $a10734891 040 $aPUL$bita 245 00$aStoria dello Stato italiano dall'Unità ad oggi /$ca cura di Raffaele Romanelli. 246 38$aStoria dello Stato italiano 260 $aRoma :$bDonzelli,$cc1995. 300 $a511 p. ;$c21 cm 490 1 $aProgetti Donzelli 500 $aIndice p. 485-502. 504 $aBibliografia p. 459-483. 651 4$aItalia$xStoria$ySec. XIX-XX.$0(OLS)http://pul/subject/7658 700 1 $aRomanelli, Raffaele,$d1942-$0(OLS)http://pul/name/23106 830 0$aProgetti Donzelli.$0(OLS)http://pul/title/38781 850 $aPUL 852 $aPUL$W1$xSL Filosofia 1$y2$m117 G 88$j39438$nBK-PRI$b $qStampati$B39438$CPULBib$Z2$F39438 $H $81 852 $aPUL$W1$xDP1 Fondo E. Rossi$y115$m1 R 52$j154776$a2. copia$qFondi$B154293$CPULBib$Z2$F154293 $82 941 1 $a8 941 1 $a1 961 $aINV: 74352 961 $aSul dorso collocazione ms. di E. Rossi: R 19 1 996 $6020$a8879891278$9(OLS)http://pul/number/35261 996 $6245$aStoria dello Stato italiano dall'Unità ad oggi$9(OLS)http://pul/title/38779 996 $6246$aStoria dello Stato italiano$9(OLS)http://pul/title/38780 996 $6260$aRoma :$bDonzelli$9(OLS)http://pul/publisher/60096 LEADER 01001nam a2200253 u 4500 001 000000028679 003 CaOOAMICUS 005 20070226111829.0 008 960930s1898 fr ah u000 u fre u 035 $a10742707 040 $aEFR$bita 041 0 $afre$alat 100 1 $aCagnat, René Louis Victor,$d1852-1937.$0(OLS)http://pul/name/12368 245 10$aCours d'épigraphie latine /$cpar René Cagnat. 250 $a3e éd. revue et augmentée. 260 $aParis :$bE. Thorin,$c1898. 300 $axvii, 467 p. :$bill., tav. pieg. (facs.) ;$c25 cm 504 $a"Bibliographie" : p. [xix]-xxvi. 650 0$aInscriptions, Latin.$2//eng$0(OLS)http://pul/subject/532 850 $aPUL 852 $aPUL$W1$xDP1 Antico 800$y27$m139 E 30$j39803$nBK-PRI$b $qStampati Antico$B39803$CPULBib$Z2$F39803 $H $81 941 1 $a15 996 $6245$aCours d'épigraphie latine$9(OLS)http://pul/title/18914 996 $6260$aParis :$bE. Thorin$9(OLS)http://pul/publisher/53176